| 000 | 00608nam a2200193 4500 | ||
|---|---|---|---|
| 001 | 122967 | ||
| 003 | ES-MaACL | ||
| 005 | 20231201062950.0 | ||
| 007 | t| | ||
| 008 | 070214s1942 ag r ||||0| spa d | ||
| 100 | 1 |
_aPushkin, Aleksandr Sergueevich, _d1799-1837 _994427 |
|
| 245 | 1 | 3 |
_aEl disparo _b: Mozart ; Festín durante la peste / _cAleksandr Sergueevich Pushkin. |
| 260 |
_aBuenos Aires : _bEmecé, _c1942. |
||
| 300 |
_a99 p., 30 lám : _bil ; _c16 cm. |
||
| 740 | 0 | _aMozart. | |
| 740 | 0 | _aFestín durante la peste. | |
| 852 |
_aES-MaACL _jD-5742 _bR.28869 |
||
| 999 |
_c122967 _d122967 |
||